Οικο-περιβαλλοντική ψυχολογία και εκπαίδευση : μια απόπειρα θεώρησης, οριοθέτησης, καταγραφής και ερμηνείας του πολυεπιστημονικού χώρου της οικο-περιβαλλοντικής ψυχολογίας και εκπαίδευσης, καθώς διερευνούν τις αλληλεπηρεαζόμενες σχέσεις φύσης - ανθρώπου - κοινωνίας
Αποθηκεύτηκε σε:
| Κύριος συγγραφέας: | |
|---|---|
| Μορφή: | Βιβλίο |
| Γλώσσα: | Greek |
| Δημοσίευση: |
Αθήνα :
Δαρδανός,
2000.
|
| Σειρά: | Βιβλία για την εκπαίδευση (Δαρδανός)
|
| Θέματα: | |
| Ετικέτες: |
Προσθήκη ετικέτας
Δεν υπάρχουν, Καταχωρήστε ετικέτα πρώτοι!
|
MARC
| LEADER | 00000cam a2200000 i 4500 | ||
|---|---|---|---|
| 001 | 1/72613 | ||
| 008 | 080125s2000 gr | ||| |||| ||gre|| | ||
| 035 | |l 10094170 | ||
| 040 | |a GR-MY-UA |b gre |e aacr | ||
| 041 | 0 | |a gre | |
| 082 | 7 | |a 155.9 |2 (22) | |
| 100 | 1 | |a Αθανασάκης, Αρτέμης Μ. | |
| 245 | 1 | 0 | |a Οικο-περιβαλλοντική ψυχολογία και εκπαίδευση : |b μια απόπειρα θεώρησης, οριοθέτησης, καταγραφής και ερμηνείας του πολυεπιστημονικού χώρου της οικο-περιβαλλοντικής ψυχολογίας και εκπαίδευσης, καθώς διερευνούν τις αλληλεπηρεαζόμενες σχέσεις φύσης - ανθρώπου - κοινωνίας / |c Άρτεμης Μ. Αθανασάκης. |
| 260 | |a Αθήνα : |b Δαρδανός, |c 2000. | ||
| 300 | |a 194 σ. : |b εικ., σχέδια ; |c 21 εκ. | ||
| 490 | 1 | |a (Βιβλία για την εκπαίδευση / Δαρδανός) | |
| 504 | |a Βιβλιογραφία: σ. 187-194. | ||
| 650 | 0 | 0 | |a Environmental psychology. |
| 650 | 0 | 0 | |a Environmental education. |
| 650 | 0 | 0 | |a Human ecology |x Study and teaching. |
| 650 | 0 | 0 | |a Environmental protection. |
| 830 | 0 | |a Βιβλία για την εκπαίδευση (Δαρδανός) | |
| 852 | |a INST |b LESVOS |e 20080125 |h 155.9 ΑΘΑ |p 005100040468 |q 005100040468 |t BK |y 0 | ||
| 901 | |a BIBL1-2008-1 | ||
| 909 | |a Λ |b 142086 | ||
| 922 | |a 1ΕΛΗ |b 200711 |c ΕΠΕΑΕΚ2/ΤΠ |d Σ. ΠΑΤΑΚΗΣ | ||
| 970 | |a ΓΙΑΛΑΜΑ |b ΜΑΡΙΑ |z 2008/01/25 | ||